| 000 | 00414nam a22001457a 4500 | ||
|---|---|---|---|
| 008 | 230511b |||||||| |||| 00| 0 eng d | ||
| 040 |
_aNational Science Library _cNational Science Library |
||
| 080 |
_a575 _bP3 |
||
| 100 | _aLeroi, Armand Marie | ||
| 245 |
_aMutants: _bOn generic variety of human body |
||
| 260 |
_aUSA: _bPenguin Books, _c2005 |
||
| 300 | _a431p. | ||
| 650 | _aScience | ||
| 942 |
_2udc _cBK |
||
| 999 |
_c29572 _d29572 |
||